| 000 | 00419nam a22001817a 4500 | ||
|---|---|---|---|
| 003 | NUST | ||
| 020 | _a9780070402676 | ||
| 038 | _akhadija | ||
| 082 |
_a658.4038 _bDAV |
||
| 100 |
_aDavis, Gordon B. _985099 |
||
| 245 | _aManagement Information Systems | ||
| 250 | _a2nd | ||
| 260 |
_aNew Delhi: _bTata McGraw Hill, _c2009. |
||
| 300 |
_a693 p. ; _b21 cm. |
||
| 500 | _aPaperback. | ||
| 563 | _aPB | ||
| 942 |
_cBK _2ddc |
||
| 999 |
_c32788 _d32788 |
||